Strzelcy bramek w 24 kolejce Ekstraklasy w sezonie 20/21. - Statystyki

Ogólne statystyki
  • Ten quiz został rozwiązany 11 razy
  • Średni wynik to 8 z 15
Statystyki odpowiedzi
Mecz Piłkarz % Poprawnych
Wisła Kraków - Raków Częstochowa 1:2 Cebula
82%
Zagłebie Lubin - Podbeskidzie 0:1 Biliński
64%
Zagłebie Lubin - Podbeskidzie 2:1 Oko
64%
Piast Gliwice - Górnik Zabrze 1:0 Świerczok
64%
Zagłebie Lubin - Podbeskidzie 1:1 Szysz
64%
Wisła Kraków - Raków Częstochowa 1:1 Frydrych
55%
Pogoń Szczecin - Wisła Płock 2:0 Kucharczyk
55%
Jagiellonia Białystok - Cracovia 2:1 Romanczuk
55%
Wisła Kraków - Raków Częstochowa 0:1 Tijanic
55%
Jagiellonia Białystok - Cracovia 1:1 Bida
45%
Śląsk Wrocław - Lechia Gdańsk 1:0 Exposito
45%
Śląsk Wrocław - Lechia Gdańsk 1:1 Makowski
45%
Pogoń Szczecin - Wisła Płock 1:0 Benedyczak
36%
Piast Gliwice - Górnik Zabrze 2:0 (Bramka Samobójcza) Evangelou
27%
Jagiellonia Białystok - Cracovia 0:1 Thiago
18%
Nie znaleziono quizów pasujących do podanych kryteriów
Rozkład punktacji
Procent ludzi z każdym wynikiem
Percentyl według liczby udzielonych odpowiedzi
Twoja historia wyników
Nie rozwiązałeś tego quizu